000 00642nam a22002297a 4500
003 UA-OsUOA
001 32363
007 ta
008 20050201b un ||||| |||| 00| 0 ukr d
090 _a821(100)
_bК47
942 _cBK
040 _aUA-OsUOA
_brus
_cUA-OsUOA
_dUA-OsUOA
245 _aКлассическая поэзия Индии, Китая, Кореи, Вьетнама, Японии
300 _a926 с.
_bІлюстрації
955 _a0
041 _arus
080 _a821(100)
260 _aМосква
_bХудожественная литература
_c1977
044 _aRU
650 7 _2UDC
999 _c318805
_d318805